|
|
|
|
| LEADER |
00000naa a2200000uu 4500 |
| 001 |
vtls011088812 |
| 003 |
SK-MaSNL |
| 005 |
20260302105824.0 |
| 008 |
210910|1997 xo |||||||||||||||||eng| |
| 015 |
|
|
|a SNBRA
|
| 035 |
|
|
|a (urnnbn)urn:nbn:sk:snk:ar-a0coo4
|
| 035 |
|
|
|a (uuid)1e5e670a-da84-4dd3-a007-f5985be64c60
|
| 035 |
|
|
|a urn:nbn:sk:snk-aavuh2
|
| 040 |
|
|
|a SNKBUCL
|b slo
|c SNKBUCL
|e AACR2
|
| 041 |
0 |
|
|a eng
|
| 044 |
|
|
|a xo
|c SK
|
| 100 |
1 |
|
|a Hanesová, Dana,
|d 1961-
|4 aut
|9 201887
|
| 245 |
1 |
0 |
|a INDIVIDUALISATION IN THE LEARNING PROCESS
|c Dana Hanesová
|
| 773 |
0 |
|
|t Teacher training in a climate of change
|d Bratislava : Peter Mačura, 1997
|g S. 34-36
|z 8088901065
|
| 958 |
|
|
|a OND
|
| 958 |
|
|
|a article12
|
| 958 |
|
|
|a chapter
|
| 999 |
|
|
|c 1240366
|d 1242296
|